|
|
|
|
| LEADER |
00000nam0a2200000 4500 |
| 001 |
35731 |
| 005 |
20231101210325.0 |
| 035 |
|
|
|a (RuTPU)RU\TPU\book\36170
|
| 035 |
|
|
|a BOOK00002822
|
| 090 |
|
|
|a 35731
|
| 100 |
|
|
|a 20011210d1988 k y0rusy50 ca
|
| 101 |
0 |
|
|a rus
|
| 102 |
|
|
|a RU
|
| 105 |
|
|
|a a g 000zy
|
| 200 |
1 |
|
|a Станочные гидроприводы
|e справочник
|f В. К. Свешников, А. А. Усов
|
| 205 |
|
|
|a 2-е изд., перераб. и доп.
|
| 210 |
|
|
|a Москва
|c Машиностроение
|d 1988
|
| 215 |
|
|
|a 512 с.
|c ил.
|
| 225 |
1 |
|
|a Библиотека конструктора
|
| 451 |
|
1 |
|0 (RuTPU)RU\TPU\book\522
|y 5217024631
|t Станочные гидроприводы
|o Справочник
|f В. К. Свешников
|e 3-е изд., перераб. и доп.
|c Москва
|n Машиностроение
|d 1995
|p 448 с.
|a Свешников, Владимир Константинович
|
| 451 |
|
1 |
|0 (RuTPU)RU\TPU\book\36192
|t Станочные гидроприводы
|o справочник
|f В. К. Свешников, А. А. Усов
|c М.
|n Машиностроение
|d 1982
|p 464 с.
|s Библиотека конструктора
|a Свешников, Владимир Константинович
|
| 606 |
1 |
|
|a Металлорежущие станки
|x Гидравлические приводы
|x Динамический расчет
|x Расчет на вычислительных машинах
|x Модернизация
|x Ремонт
|x Неисправности
|2 stltpush
|3 (RuTPU)RU\TPU\subj\42582
|9 62241
|
| 610 |
1 |
|
|a станочные гидроприводы
|
| 610 |
1 |
|
|a насосы
|
| 610 |
1 |
|
|a гидродвигатели
|
| 610 |
1 |
|
|a аппараты
|
| 610 |
1 |
|
|a конструкции
|
| 610 |
1 |
|
|a габаритные размеры
|
| 610 |
1 |
|
|a присоединительные размеры
|
| 610 |
1 |
|
|a справочники
|
| 675 |
|
|
|a 621.9.06-82(035)
|v 3
|
| 700 |
|
1 |
|a Свешников
|b В. К.
|g Владимир Константинович
|
| 701 |
|
1 |
|a Усов
|b А. А.
|g Анатолий Антонович
|
| 801 |
|
0 |
|a RU
|b 63413507
|c 20011210
|g PSBO
|
| 801 |
|
2 |
|a RU
|b 63413507
|c 20201029
|g PSBO
|
| 900 |
|
|
|a Приводы станков и станочных комплексов
|
| 942 |
|
|
|c BK
|